[Event "FRA-chT4 0304"]
[Site "Champagne Ardenne"]
[Date "2003.11.16"]
[Round "2"]
[White "Jankowski, Bruno"]
[Black "George, Fabrice"]
[Result "1/2-1/2"]
[WhiteElo "1999"]
[BlackElo "1780"]
[PlyCount "43"]
[EventDate "2003.10.??"]
[EventRounds "6"]
[EventCountry "FRA"]
[SourceTitle "EXT 2005"]
[Source "ChessBase"]
[SourceDate "2004.11.15"]
[SourceVersion "1"]
[SourceVersionDate "2004.11.15"]
[SourceQuality "1"]

1. c4 Nf6 2. Nc3 g6 3. g3 Bg7 4. Bg2 e5 5. d3 d6 6. Nf3 0-0 7. 0-0 Nbd7 8. Bd2 c6 9. b4 Qe7 10. Rb1 Rb8 11. a4 e4 12. dxe4 Nxe4 13. Nxe4 Qxe4 14. Bf4 Re8 15. Bxd6 Ra8 16. c5 Qxe2 17. Re1 Qxd1 18. Rbxd1 Rxe1+ 19. Rxe1 Nf6 20. b5 Be6 21. Ng5 Bd5 22. Re7 1/2-1/2